logo

Bir Sreshtho Munshi Abdur Rouf Library
Jhenaidah Cadet College

ইতালির জনক গ্যারিবল্ডী / (Record no. 7590)

MARC details
000 -LEADER
fixed length control field 00681nam a2200217 a 4500
001 - CONTROL NUMBER
JCCL Control Number 7590
003 - CONTROL NUMBER IDENTIFIER
JCCL marc code BD-JhCC
005 - DATE AND TIME OF LATEST TRANSACTION
control field 20180212092735.0
008 - FIXED-LENGTH DATA ELEMENTS--GENERAL INFORMATION
fixed length control field 180212s1963 bg a|||| ||a| 000 0 ben d
035 ## - SYSTEM CONTROL NUMBER
system control number (BD-JhCC)7590
040 ## - CATALOGING SOURCE
Original cataloging agency BD-JhCC
Modifying agency BD-JhCC
041 ## - LANGUAGE CODE
Language code of Book ben
082 ## - DEWEY DECIMAL CLASSIFICATION NUMBER
Classification number 910
Author mark and Year VAV 1963
100 ## - MAIN ENTRY--PERSONAL NAME
Personal name ভ্যাভেনপোট,মাশিয়া .
245 ## - TITLE STATEMENT
Title ইতালির জনক গ্যারিবল্ডী /
Statement of responsibility, etc মাশিয়া ভ্যাভেনপোট .
260 ## - PUBLICATION, DISTRIBUTION, ETC. (IMPRINT)
Place of publication, distribution, etc ঢাকা :
Name of publisher, distributor, etc বুক সিন্তিকেট ;
Date of publication, distribution, etc 1963.
300 ## - PHYSICAL DESCRIPTION
Pagination 160 p. :
Other physical details ill ;
Dimensions 18 cm.
651 ## - SUBJECT ADDED ENTRY--GEOGRAPHIC NAME
Geographic name Trvel
942 ## - ADDED ENTRY ELEMENTS (KOHA)
Source of classification or shelving scheme Library of Congress Classification
Koha item type Books
Holdings
Source of classification or shelving scheme Damaged status Not for loan Home library Current library Shelving location Date of accession Cost, normal purchase price Total Checkouts Full call number Barcode Date last seen Copy number Koha item type
Dewey Decimal Classification     JCC Rouf Library JCC Rouf Library General Stacks 02/12/2018 3.00   910 VAV 1963 9782 02/12/2018 C-1 Books

JCC Library | Contacts | JCC Home

Last Update on 23 September 2017
Copyright @ 2017-2020 JCC Rouf Library
Rouf Library, Jhenidah Cadet College (JCC), Bangladesh